| 000 -LEADER |
| fixed length control field |
01473cam a2200337 i 4500 |
| 001 - CONTROL NUMBER |
| control field |
18395263 |
| 003 - CONTROL NUMBER IDENTIFIER |
| control field |
NUST |
| 005 - DATE AND TIME OF LATEST TRANSACTION |
| control field |
20221230190023.0 |
| 008 - FIXED-LENGTH DATA ELEMENTS--GENERAL INFORMATION |
| fixed length control field |
141204s2015 enk b 001 0 eng |
| 010 ## - LIBRARY OF CONGRESS CONTROL NUMBER |
| LC control number |
2014046799 |
| 020 ## - INTERNATIONAL STANDARD BOOK NUMBER |
| International Standard Book Number |
9781138795709 (hardback) |
| 020 ## - INTERNATIONAL STANDARD BOOK NUMBER |
| International Standard Book Number |
9781138795716 (pbk.) |
| 020 ## - INTERNATIONAL STANDARD BOOK NUMBER |
| Canceled/invalid ISBN |
9781315758237 (ebook) |
| 040 ## - CATALOGING SOURCE |
| Original cataloging agency |
DLC |
| Language of cataloging |
eng |
| Transcribing agency |
DLC |
| Description conventions |
rda |
| Modifying agency |
DLC |
| 042 ## - AUTHENTICATION CODE |
| Authentication code |
pcc |
| 050 00 - LIBRARY OF CONGRESS CALL NUMBER |
| Classification number |
QC903 |
| Item number |
.B85 2015 |
| 082 00 - DEWEY DECIMAL CLASSIFICATION NUMBER |
| Classification number |
363.73874,BUL |
| Edition number |
23 |
| 100 1# - MAIN ENTRY--PERSONAL NAME |
| Personal name |
Bulkeley, Harriet, |
| Dates associated with a name |
1972- |
| 9 (RLIN) |
106553 |
| 245 10 - TITLE STATEMENT |
| Title |
Governing climate change / |
| Statement of responsibility, etc. |
Harriet A. Bulkeley and Peter Newell. |
| 250 ## - EDITION STATEMENT |
| Edition statement |
Second edition. |
| 264 #1 - PRODUCTION, PUBLICATION, DISTRIBUTION, MANUFACTURE, AND COPYRIGHT NOTICE |
| Place of production, publication, distribution, manufacture |
Abingdon, Oxon : |
| Name of producer, publisher, distributor, manufacturer |
Routledge/ Taylor & Francis Group, |
| Date of production, publication, distribution, manufacture, or copyright notice |
2015. |
| 300 ## - PHYSICAL DESCRIPTION |
| Extent |
xiii, 166 pages ; |
| Dimensions |
22 cm. |
| 336 ## - CONTENT TYPE |
| Content type term |
text |
| Source |
rdacontent |
| 337 ## - MEDIA TYPE |
| Media type term |
unmediated |
| Source |
rdamedia |
| 338 ## - CARRIER TYPE |
| Carrier type term |
volume |
| Source |
rdacarrier |
| 490 0# - SERIES STATEMENT |
| Series statement |
Routledge global institutions series ; |
| Volume/sequential designation |
104 |
| 505 ## - FORMATTED CONTENTS NOTE |
| Formatted contents note |
Introduction (Page-1), Governing Climate Change: a Brief History (Page-23), Governance for Whom / Equity, Justice, and the Politics of Sustainable Development (Page-48), Between Global and Local: Governing Climate Change Transitionally (Page-68), Community and the Governing of Climate Change (Page-90), The Private Governance of Climate Change (Page-113), Conclusions (Page-133). |
| 650 #0 - SUBJECT ADDED ENTRY--TOPICAL TERM |
| Topical term or geographic name entry element |
Climatic changes |
| General subdivision |
Government policy |
| -- |
International cooperation. |
| 9 (RLIN) |
106554 |
| 700 1# - ADDED ENTRY--PERSONAL NAME |
| Personal name |
Newell, Peter |
| Fuller form of name |
(Peter John) |
| 9 (RLIN) |
106555 |
| 942 ## - ADDED ENTRY ELEMENTS (KOHA) |
| Source of classification or shelving scheme |
|
| Koha item type |
Book |
| Call number prefix |
363.73874,BUL |